000 00290nam a22001337a 4500
008 170508b xxu||||| |||| 00| 0 eng d
020 _a9780769849089
041 _aeng
080 _22ND
_a34
100 _a15
101 _aSHJ
245 _aSKILLS &VALUE
_cMITCHELL, L.B
942 _2udc
_cBK
999 _c12941
_d12941